Statistiques concernant Grille de mots mini #13

Cliquez ici pour prendre le quiz!

Statistiques générales

  • Ce quiz a été pris 65 fois
  • Le résultat moyen est 23 sur 25

Statistiques - réponses

Place de la lettreRéponses% Correct
1 ED
98%
1 AF
97%
3 EN
97%
1 BR
97%
1 DU
97%
2 EE
95%
1 CE
95%
3 DI
95%
5 ES
95%
4 ET
95%
3 BA
93%
5 DE
93%
4 DN
93%
2 DR
93%
3 CR
93%
3 AT
93%
2 AA
92%
4 AA
92%
4 BD
92%
4 CE
92%
5 BE
92%
5 AL
92%
5 CS
92%
2 CT
92%
2 BU
92%

Distribution des résultats

Percentile par nombre de réponses

% des personnes avec chaque résultat

Votre développement - résultats

Vous n’avez pas pris ce quiz